Optical engineering fundamentals / (Record no. 38820)

MARC details
000 -LEADER
fixed length control field 00839nam a22002537a 4500
005 - DATE AND TIME OF LATEST TRANSACTION
control field 20100802165713.0
010 ## - LCCN (DPL NO)
LC control number ENG-97807
020 ## - INTERNATIONAL STANDARD BOOK NUMBER
International Standard Book Number 9788120339897
Terms of availability 325.00
035 ## - SYSTEM CONTROL NUMBER
System control number EN-81340
037 ## - SOURCE OF ACQUISITION
Source of stock number/acquisition DBAD/PUB
082 ## - DEWEY DECIMAL CLASSIFICATION NUMBER
Classification number 621.36
100 ## - MAIN ENTRY--PERSONAL NAME
Personal name Walker, Bruce H.
245 ## - TITLE STATEMENT
Title Optical engineering fundamentals /
Statement of responsibility, etc by Bruce H. Walker
250 ## - EDITION STATEMENT
Edition statement 2nd ed
260 ## - PUBLICATION, DISTRIBUTION, ETC. (IMPRINT)
Place of publication, distribution, etc New Delhi
Name of publisher, distributor, etc PHI Learning
Date of publication, distribution, etc 2010
270 ## - ADDRESS
Address M-97, Connaught Circus
City New Delhi
Postal code 110001
300 ## - PHYSICAL DESCRIPTION
Extent xiii, 276p:
Other physical details ill.
Dimensions 24cm (pbk)
500 ## - GENERAL NOTE
General note includes index
650 ## - SUBJECT ADDED ENTRY--TOPICAL TERM
Topical term or geographic name as entry element Lenses
650 ## - SUBJECT ADDED ENTRY--TOPICAL TERM
Topical term or geographic name as entry element OPtical instruments
650 ## - SUBJECT ADDED ENTRY--TOPICAL TERM
Topical term or geographic name as entry element Optics
942 ## - ADDED ENTRY ELEMENTS (KOHA)
Source of classification or shelving scheme Dewey Decimal Classification
Item type English Books
Classification part 621.36
Call number suffix WAL
Holdings
Withdrawn status Lost status Not for loan Collection code Home library Current library Date acquired Source of acquisition Cost, normal purchase price Full call number Barcode Copy number Cost, replacement price Koha item type
    Not For Loan Non-fiction D.B.Act.Division D.B.Act.Division 02/08/2010 DBAD/PUB 325.00 621.36 WAL EN-81340 1 325.00 English Books

© Delhi Public Library
Hit Counter
free hit counter